Регионална библиотека "Любен Каравелов" - Русе

Духовни вселени : Андрей Андреев, Боян Ангелов, Вътьо Раковски, Георги Джагаров, Димитър Христов, Иван Гранитски, Иван Есенски, Иван Радоев, Йордан Радичков, Кирил Кадийски, Найден Вълчев, Никола Ракитин (Запис номер 323198)

MARC детайли
000 -Лидер
Контролно поле с фиксирана дължина aam a22 a 4500
003 - Код на организацията, давaща контролен номер
Контролно поле BLK
005 - Дата и час на последна редакция
Контролно поле 20230406030530.0
008 - Елементи от данни с фиксирана дължина
fixed length control field 180925b bul||||| |||| 00| 0 bul d
020 ## - Международен стандартен номер на книга ISBN
Международен стандартен номер на книга ISBN 978-619-204-116-8
040 ## - Източник на каталожния запис
Идентификатор на билиотеката - собственик на записа BLK
041 ## - Код за език
Код за езика на текст/звукозапис или на отделно заглавие Български
Код за езика КДБФ Български
072 ## - Код за тематичната категория
9 (RLIN) 178370
Код за тематична категория Я
Текст Автографи
080 ## - УДК
Текстов определител УДК Българска литература
УДК код - определител по УДК 821.163.2
УДК определител .09
УДК - код + определител 821.163.2.09
100 ## - Редна дума - Автор
Автор Павлова, Лалка
R(LIN) 390061
245 ## - Сведения за заглавието
Заглавие Духовни вселени : Андрей Андреев, Боян Ангелов, Вътьо Раковски, Георги Джагаров, Димитър Христов, Иван Гранитски, Иван Есенски, Иван Радоев, Йордан Радичков, Кирил Кадийски, Найден Вълчев, Никола Ракитин
Подзаглавни данни литературна критика
Редно поле (дума) Лалка Павлова
257 ## - Страна на издаване
Страна на създаване/издаване България
260 ## - Област на издателските данни
Име на издателя, разпространителя и проч. Български писател
Година на издаване 2018
Място на издаване, разпространение и проч. София
300 ## - Физическа характеристика
Страници 157 с. : с ил.
Размери/Мащаб 20 см
380 ## - Жанр
Жанр Литературознание
500 ## - Общи забележки
Забележка Животът като сън и сътворение / Боян Ангелов: с. 5-6. - Кн. е илюстрирана с рис. на Калин Павлов
650 #0 - Допълнително описание по предмет – тема
Основно описание – тема или топоним Българска литература - история
9 (RLIN) 246271
653 #7 - Ключова дума – ненормативна
9 (RLIN) 189421
Ключова дума критика
852 ## - Местоположение
Фондова буква Хранилище
Форматна сигнатура Цб 290394
999 ## - СИСТЕМНИ КОНТРОЛНИ НОМЕРА
Koha biblionumber 323198
Koha biblioitemnumber 323198
942 ## - АРТИКУЛИ
Вид на библиотечния материал Книги
Източник на класификационната схема Universal Decimal Classification
Скрит в OPAC Не
999 ## - СИСТЕМНИ КОНТРОЛНИ НОМЕРА
Koha biblioitemnumber 323198
999 ## - СИСТЕМНИ КОНТРОЛНИ НОМЕРА
Koha biblioitemnumber 323198
999 ## - СИСТЕМНИ КОНТРОЛНИ НОМЕРА
Koha biblioitemnumber 323198
999 ## - СИСТЕМНИ КОНТРОЛНИ НОМЕРА
Koha biblioitemnumber 323198
Наличности
Код за отписване Код за изгубен артикул Източник на класификационната схема Код за повреда Код за отдаване Артикулен № Име на библиотеката - собственик Име на библиотеката, в която се намира в момента Статус (Текущо местоположение) Дата на вписване в системата Местоположение - отдел Цена в лева Инвентарен номер Систематично азбучна сигнатура Баркод Цена в евро Служебен тип на артикула Бележка за публиката Коз за рестрикции
  Не е изгубен Universal Decimal Classification Не е повреден ползва се в читалня 677933 Регионална библиотека "Любен Каравелов" Русе Регионална библиотека "Любен Каравелов" Русе Основен фонд - ползва се само за читалня 2018-06-26 Хранилище 16.00 120000821758 Цб 290394 120000821758 8.18 Книги Автограф Лалка Павлова  
  Не е изгубен Universal Decimal Classification Не е повреден ползва се в читалня 680692 Регионална библиотека "Любен Каравелов" Русе Регионална библиотека "Любен Каравелов" Русе Хранилище 2018-09-21 Хранилище 12.00 120000823523 Цб 290394 120000823523 6.14 Книги   без рестрикции
Vip Innovations Ltd, Rousse, Bulgaria 2025